000
00281nam a22001337a 4500
003
SGT
082
_a
612.015
_b
T19K
100
_a
KIRAN, KAJAL
245
_a
TO STUDY THE CORRLATION OSTEOPONTIN
260
_a
SGTU
_c
2019
300
_a
55
650
_a
BIOCHEMISTRY
942
_2
ddc
_c
TH
999
_c
20705
_d
20705